LIBRARY & INFORMATION CENTRE, KCAET, TAVANUR

ONLINE PUBLIC ACCESS CATALOGUE (OPAC)

Life adventures and piracies of the famous captain Singlesen / (Record no. 4370)

MARC details
000 -LEADER
fixed length control field 00397cam a2200145ua 4500
041 ## - LANGUAGE CODE
Language code of text/sound track or separate title eng
082 ## - DEWEY DECIMAL CLASSIFICATION NUMBER
Classification number 823.308
Item number DEF/LI
100 ## - MAIN ENTRY--AUTHOR NAME
Personal name Defoe, Daniel .
245 ## - TITLE STATEMENT
Title Life adventures and piracies of the famous captain Singlesen /
260 ## - PUBLICATION, DISTRIBUTION, ETC. (IMPRINT)
Place of publication Newyork :
Name of publisher Everymans Library ,
Year of publication 1963.
300 ## - PHYSICAL DESCRIPTION
Number of Pages 335 ; .
942 ## - ADDED ENTRY ELEMENTS (KOHA)
Koha item type Books
Holdings
Withdrawn status Lost status Damaged status Home library Current library Date acquired Full call number Accession Number Koha item type
Withdrawn     KAUAET Malayalam University 07/04/2012 823.308 5208 Books
free website counter